| 000 | | | 04122nmc2a22002773x 450 |
| 001 | | | b1048eff-abc1-48ba-b4ff-098df4489f63 |
| 005 | | | 20260211040255.0 |
| 100 | ## | $a | 20250818l18261827k l0rusy0189 ca |
| 101 | 0# | $a | rus |
| 102 | ## | $a | RU |
| 105 | ## | $a | y### |
| 122 | 2# | $a | d |
| 200 | 1# | $a | Дело по производству строений Санкт-Петербургского университета |
| | $j | 28 апреля 1826 г. - 31 мая 1827 г. |
| | $h | Часть 1 |
| 215 | ## | $a | 149 л. |
| | $d | 36,5х26 см |
| 251 | ## | $c | Дело |
| 300 | ## | $a | В семи частях |
| 300 | ## | $a | На обложке имеются карандашные пометы |
| 300 | ## | $a | Ориг. заголовок дела: Дело по строительной части Санкт-Петербургского университета 1826 и 1827 годов. Часть 1. 28 апреля 1826 г. - 31 мая 1827 г |
| 371 | ## | $a | Документ не является опубликованным и широко распространяемым |
| 461 | #0 | $1 | 001a74412a3-3cc5-4d21-8f0a-dfe2fbd9e72d |
| | $1 | 2001 |
| | $a | Департамент народного просвещения Министерства народного просвещения (1803-1917) |
| | $1 | 251 |
| | $c | Фонд |
| | $1 | 852 |
| | $j | 733 |
| 462 | #0 | $1 | 001a6622fb3-31f3-4f49-aac3-243f6793e8d6 |
| | $1 | 2001 |
| | $a | Дела Департамента народного просвещения за 1818-1862 годы |
| | $1 | 251 |
| | $c | Опись |
| | $1 | 852 |
| | $j | 113 |
| 517 | 1# | $a | Дело по строительной части Санкт-Петербургского университета 1826 и 1827 годов. Часть 1. 28 апреля 1826 г. - 31 мая 1827 г |
| 801 | #0 | $a | RU |
| | $b | РГИА |
| | $c | 20250818 |
| | $g | RCR |
| 801 | #1 | $a | RU |
| | $b | ГлавНИВЦ |
| | $c | 20250818 |
| | $2 | rusmarc |
| 801 | #2 | $a | RU |
| | $b | ПБ им. Б.Н. Ельцина |
| | $c | 20260211 |
| | $g | RCR |
| | $2 | rusmarc |
| 850 | ## | $a | РГИА |
| 852 | ## | $a | РГИА |
| | $e | Федеральное казенное учреждение "Российский государственный исторический архив" (РГИА) |
| | $j | 35 |
| 937 | ## | $h | РГИА |
| | $d | 12094455 |
| | $a | ASBIBLIO_SCAN |
| 035 | ## | $a | RusGRCC00089184 |
| 856 | ## | $u | http://readingroom.main.prlib.ru/item.aspx?id_node=n200435848&mode=full |